000 00380nam a2200157Ia 4500
003 OSt
005 20240319113436.0
008 170524s9999 xx 000 0 und d
020 _aNIL
040 _cIIMT UNIVERSITY
100 _aThomas-Jones
245 0 _aProfessional management of house keekping operations
260 _bJohn Wiley & Sons
260 _c2005
942 _2ddc
_c02
999 _c6848
_d6848